| 000 | 00569cam a22002051 4500 | ||
|---|---|---|---|
| 001 | sa 66005953 | ||
| 003 | DLC | ||
| 005 | 20260227112252.0 | ||
| 008 | 720217s1966 xx 000 0 eng | ||
| 010 | _asa 66005953 | ||
| 035 | _a(OCoLC)243849 | ||
| 040 |
_aDLC _cOCU _dDLC |
||
| 042 | _apremarc | ||
| 050 | 0 | 0 |
_aDS480.45 _b.D9 |
| 100 | 1 |
_aDwarkadas, Kanji, _d1892- |
|
| 245 | 1 | 0 |
_aIndia's fight for freedom, 1913-1937; _ban eyewitness story. |
| 260 |
_aBombay, _bPopular Prakashan _c[1966] |
||
| 300 |
_axx, 480 p. _c23cm. |
||
| 651 | 0 |
_aIndia _xHistory _y20th century. |
|
| 999 |
_c70218 _d70218 |
||